Influencia de distintos parámetros estructurales sobre las propiedades viscoelásticas de polímeros fundidos /

Guardado en:
Otros Autores: Ressia, Jorge Anibal. (Disertante)
Formato: Manuscrito
Idioma:Spanish
Publicado: 1999.
Materias:
Etiquetas: Agregar Etiqueta
Sin Etiquetas, Sea el primero en etiquetar este registro!
LEADER 00986ntm a22002295a 4500
001 EIQ.libpla002537
008 070628s1999####ag#a#####bm###000#0#spa#d
005 20070703175825.0
245 1 0 |a Influencia de distintos parámetros estructurales sobre las propiedades viscoelásticas de polímeros fundidos /  |c Jorge Anibal Ressia. 
260 |c 1999. 
300 |a xxvi, 228 p. :  |b il., tablas, figuras ;  |c 21 cm. 
502 |a Tesis (doctorado)--Universidad Nacional del Sur. Departamento de Ingeniería Química, 1999. 
500 |a Director de tesis: Dr. Enrique Marcelo Vallés. 
504 |a Incluye referencias bibliográficas. 
100 1 |a Ressia, Jorge Anibal.  |4 dis 
710 2 |a Universidad Nacional del Sur (UNS).  |b Dto. de Ingeniería Química  |4 dgg. 
650 4 |a Polímeros  |x Tesis. 
650 4 |a Polimeros  |x Viscoelasticidad. 
650 4 |a Polymers  |x Thesis. 
650 4 |a Polymers  |x Viscoelastic. 
040 |a AR-BbSID  |b spa  |c AR-BbSID 
859 |a AR-BbSID  |b BIB. PLAPIQUI  |h 620.192  |i R 311  |p 5229